Methodology of educational Research / (Record no. 562694)

000 -LEADER
fixed length control field 00320nam a2200121Ia 4500
008 - FIXED-LENGTH DATA ELEMENTS--GENERAL INFORMATION
fixed length control field 210430s9999 xx 000 0 und d
082 ## - DEWEY DECIMAL CLASSIFICATION NUMBER
Classification number 370.78 K881 M
100 ## - MAIN ENTRY--PERSONAL NAME
Personal name Lokesh koul
245 ## - TITLE STATEMENT
Title Methodology of educational Research /
Statement of responsibility, etc. Lokesh koul
260 ## - PUBLICATION, DISTRIBUTION, ETC.
Place of publication, distribution, etc. New Delhi
Name of publisher, distributor, etc. Shimla
Date of publication, distribution, etc. 2007
300 ## - PHYSICAL DESCRIPTION
Extent 543p
942 ## - ADDED ENTRY ELEMENTS (KOHA)
Koha item type Book
Source of classification or shelving scheme
Holdings
Withdrawn status Lost status Source of classification or shelving scheme Damaged status Not for loan Permanent Location Current Location Shelving location Date acquired Full call number Barcode Date last seen Price effective from Koha item type
          School of Chemical & Materials Engineering (SCME) School of Chemical & Materials Engineering (SCME) General Stacks   370.78 K881 M SCME-1575 04/30/2021 04/30/2021 Book
© 2023 Central Library, National University of Sciences and Technology. All Rights Reserved.